World Capitals #1 - Statistics

General Stats
  • This quiz has been taken 18 times
  • The average score is 11 of 15
Answer Stats
Country Capital % Correct
Mexico Mexico City
100%
Canada Ottawa
100%
USA Washington DC
100%
Cuba Havana
94%
Jamaica Kingston
88%
Saint Vincent and The Grenadines Kingstown
88%
The Bahamas Nassau
82%
Haiti Port-au-Prince
82%
Dominica Roseau
76%
Dominican Republic Santo Domingo
71%
Barbados Bridgetown
53%
Saint Lucia Castries
53%
Antigua and Barbuda Saint John's
53%
Saint Kitts and Nevis Basseterre
47%
Grenada Saint George's
47%
No matching quizzes found
Score Distribution
Percent of People with Each Score
Percentile by Number Answered
Your Score History
You have not taken this quiz